00956nam a22002891i 4500001001300000005001700013006001900030007001500049008004100064020001500105035001000120040003100130043001200161050002300173082001900196100003600215245008800251250001700339264004700356300005100403336002600454337002600480338003600506504005100542650003200593856004100625bslw1006810820240305165654.0m o d cr un ---uuuua230712s2013 cau ob 001 0 eng d a1580120628 a38705 aUtOrBLWbengerdacUtOrBLW an-us-tx 4aKFT1737b.B75 201304a347.7640722231 aBrister, Scott,d1955-eauthor.10aTexas pretrial practice.nVolume 1 /cHon. Scott Brister (Ret.), Dan S. Boyd, Esq.. aRevision 10. 1aCosta Mesa, CA :bJames Publishing,c2013. a1 online resource (1 volume (various pagings)) atextbtxt2rdacontent acomputerbc2rdamedia aonline resourcebcr2rdacarrier aIncludes bibliographical references and index. 0aPre-trial procedurezTexas.40uhttps://app.vlex.com/#/sources/38705